| 000 | 00400nam a22001457a 4500 | ||
|---|---|---|---|
| 003 | SGT | ||
| 082 |
_a617.3 _bE25R |
||
| 100 | _aRAMANI, JYOTI | ||
| 245 | _aEFFECT OF SENSORIMOTOR TRAINNING ON H- REFLEX, BALANCE, AND PROPRICENTRAL IN PATIENTS WITH FIRST RAY INSTABILITY | ||
| 260 |
_aGURUGRAM _bSGT UNIVERSITY _c2025 |
||
| 300 | _a107 | ||
| 650 | _aORTHOPEDICS | ||
| 653 | _aMPT | ||
| 942 |
_2ddc _cTH |
||
| 999 |
_c32606 _d32606 |
||